| 000 | 01016cab a2200277 4500 | ||
|---|---|---|---|
| 001 | ABS58970 | ||
| 008 | 090401t1998 xxu||||| |||| 00| 0 eng d | ||
| 035 | _a(Sirsi) u86885 | ||
| 041 | _aeng | ||
| 245 | _aRailway special: going loco | ||
| 260 | _c1998 | ||
| 350 | _a0 | ||
| 490 |
_aProperty Week _v63(8) 5 June 1998, 25-34(9) |
||
| 520 | _aAn investigation into how the property industry is exploiting the benefits of rail privatisation through investment in distribution sites, property management contracts with train operating companies, refurbishment of railway arches to provide lettable space and a change to the mix and configuration of retail outlets in railway stations. | ||
| 650 | _aDISPOSALS | ||
| 650 | _aEUSTON STATION | ||
| 650 | _aFREIGHT TRAFFIC | ||
| 650 | _aLAMBERT SMITH HAMPTON | ||
| 650 | _aPADDINGTON | ||
| 650 | _aRAILTRACK | ||
| 650 | _aRAILWAYS | ||
| 650 | _aURBAN DISTRIBUTION CENTRES | ||
| 690 | _aTRANSPORT AND COMMUNICATIONS | ||
| 942 | _n0 | ||
| 948 | _c18/06/1998 | ||
| 999 |
_c54709 _d54709 |
||